Collaborative Learning : Cognitive and Computational Approaches /

Aquí se presenta un estudio realizado por la Fundación de Ciencia Europea sobre el aprendizaje cooperativo dentro del programa Aprendizaje en humanos y en máquinas y la relación entre estos.

Gorde:
Xehetasun bibliografikoak
Egile nagusia: Dillenbourg, Pierre (ed.)
Formatua: Liburua
Hizkuntza:ingelesa
Argitaratua: Oxford, Inglaterra : Elsevier, 2003, c2003
Saila:(Advances in Learning and Instruction Series)
Gaiak:
Etiketak: Etiketa erantsi
Etiketarik gabe, Izan zaitez lehena erregistro honi etiketa jartzen!

MARC

LEADER 00000nam^a2200000^a^4500
001 000182910
005 20250521000000.0
009 20260310102024.227
020 |a 0-08-043073-2 
037 |a Acervo ITESO - Biblioteca 
041 |a ING 
082 |a 371. 395  |b DIL 
100 |a Dillenbourg, Pierre  |e (ed.) 
245 1 0 |a Collaborative Learning :  |b Cognitive and Computational Approaches /  |c Ed. de P. Dillenbourg. 
264 4 |a Oxford, Inglaterra :  |b Elsevier,  |c 2003, c2003 
300 |a X, 246 p. 
336 |a texto  |b txt  |2 rdacontenido 
337 |a sin mediación  |b n  |2 rdamedio 
338 |a volumen  |b nc  |2 rdasoporte 
440 1 |a (Advances in Learning and Instruction Series) 
520 |a Aquí se presenta un estudio realizado por la Fundación de Ciencia Europea sobre el aprendizaje cooperativo dentro del programa Aprendizaje en humanos y en máquinas y la relación entre estos. 
649 |a XX 
650 |a Aprendizaje Colaborativo 
650 |a Multimedia 
650 |a Robótica 
650 |a Medios Audiovisuales en la Educación 
650 |a Computadoras en la Educación 
650 |a Diferencia y Otredad 
650 |a Psicología Cognitiva 
650 |a Desarrollo Cognoscitivo 
650 |a Interacción Comunicativa 
650 |a Comunicación Educativa 
650 |a Trabajo en Equipo 
650 |a Ambiente de la Clase 
650 |a Comportamiento Social 
650 |a Aprendizaje Colaborativo 
650 |a Educación Formal 
650 |a Educación 
650 |a Informática 
650 |a Psicología Evolutiva 
650 |a Psicología Educativa 
910 |a Fondo General 
920 |a Impresos - Libros 
930 |a Colección General 
905 |a 101 
901 |a 0500123107  |b IT1  |c ACC  |u 20250521 
902 |a https://opac.biblio.iteso.mx/vufind/Record/000182910